000 00616nam a2200205Ia 4500
001 5713
003 GE_BSU
008 181216s||||||||xx |||||||||||||| ||und||
040 _cGE_BSU
080 _a519.85
100 _aВолков,В.А
245 _aЭлементы линейного программирования
245 _bпособие для учителей сред. школы
260 _aМосква
260 _bПросвещение
260 _c1975.
300 _a140стр. 20 см.
653 _aЭлементы линейного программирования
942 _cBK
999 _c39130
_d39130